000 02477nam a2200433 i 4500
001 ebr10827098
003 CaPaEBR
006 m o d
007 cr cn|||||||||
008 140120t20142014sz a ob 001 0 eng d
020 _z9783037859681
020 _a9783038263494 (e-book)
040 _aCaPaEBR
_beng
_erda
_epn
_cCaPaEBR
035 _a(OCoLC)874148744
050 1 4 _aTK7874
_b.I584 2014eb
082 0 4 _a621.381
_223
111 2 _aInternational Conference on Quantum-, Nano-, and Micro-Technologies
_n(2nd :
_d2013 :
_cSingapore)
245 1 0 _aQuantum, nano, micro technologies and applied researches :
_bselected, peer reviewed papers from the 2013 2nd International Symposium on Quantum, Nano and Micro Technologies (ISQNM 2013), December 1-2, 2013, Singapore /
_cedited by Yuanzhi Wang.
264 1 _aZurich, Switzerland :
_bTrans Tech Publications,
_c2014.
264 4 _c�2014
300 _a1 online resource (290 pages) :
_billustrations (some color).
336 _atext
_2rdacontent
337 _acomputer
_2rdamedia
338 _aonline resource
_2rdacarrier
490 1 _aApplied Mechanics and Materials,
_x1662-7482 ;
_vVolume 481
504 _aIncludes bibliographical references at the end of each chapters and indexes.
588 _aDescription based on online resource; title from PDF title page (ebrary, viewed January 20, 2014).
590 _aElectronic reproduction. Palo Alto, Calif. : ebrary, 2014. Available via World Wide Web. Access may be limited to ebrary affiliated libraries.
650 0 _aMicroelectronics
_vCongresses.
650 0 _aQuantum computers
_vCongresses.
650 0 _aInformation technology
_vCongresses.
650 0 _aNanoelectronics
_vCongresses.
655 0 _aElectronic books.
700 1 _aWang, Yuanzhi.
776 0 8 _iPrint version:
_aInternational Symposium on Quantum, Nano and Micro Technologies (2nd : 2013 : Singapore)
_tQuantum, nano, micro technologies and applied researches : selected, peer reviewed papers from the 2013 2nd International Symposium on Quantum, Nano and Micro Technologies (ISQNM 2013), December 1-2, 2013, Singapore.
_dZurich, Switzerland : Trans Tech Publications, c2014
_h288 pages
_kApplied mechanics and materials ; Volume 481.
_x1662-7482
_z9783037859681
797 2 _aebrary.
830 0 _aApplied mechanics and materials ;
_vv. 481.
856 4 0 _uhttp://site.ebrary.com/lib/rucke/Doc?id=10827098
_zAn electronic book accessible through the World Wide Web; click to view
999 _c83415
_d83415